Annales de l'institut Fourier
Saved in:
| Corporate Author: | |
|---|---|
| Format: | Serial |
| Language: | French |
| Published: |
Saint-Martin, France :
Association des Annales de L'Institute Fourier,
1949-
|
| Subjects: | |
| Tags: |
Add Tag
No Tags, Be the first to tag this record!
|
MARC
| LEADER | 00000cas a2200000 i 4500 | ||
|---|---|---|---|
| 001 | 1/103914 | ||
| 008 | 000302c19499999 fre | ||
| 022 | |a 03730956 | ||
| 035 | |l 10058650 | ||
| 040 | |a GR-MY-UA |b gre |e aacr | ||
| 041 | 0 | |a fre | |
| 082 | 0 | |a 505 | |
| 245 | 1 | 0 | |a Annales de l'institut Fourier |h [περιοδικό] |
| 260 | |a Saint-Martin, France : |b Association des Annales de L'Institute Fourier, |c 1949- | ||
| 310 | |a Five per year, 1993- | ||
| 650 | 0 | 0 | |a Science |x Periodicals. |
| 650 | 0 | 0 | |a Mathematics |x Periodicals. |
| 710 | 0 | |a Institut Fourier. | |
| 853 | |a INST |b SAMOS |c SER |h 505 | ||
| 922 | |a 3ΕΛΗ |b 198801 |c ΚΕΝΤΡΙΚΗ ΒΙΒΛΙΟΘΗΚΗ |d SWETS | ||